000
00321nam a2200133Ia 4500
008
150201s2008 xx 000 0 und d
082
_a
621.7368
_b
C08V
100
_a
VAISHMPAYAN , S.Y.
245
_a
COMPUTER FOR NURSES
250
_a
1ST
260
_b
NIRALI PUB.
_a
INDIA
_c
2008
650
_a
COMPUTER
942
_2
ddc
_c
BK
_0
7
999
_c
2021
_d
2021